000 006700000a22002170004500
001 64
003 CO-MdFUSB
005 20170512142313.0
008 170512b xxu||||| |||| 00| 0 eng d
020 _a84-8488-132-6
040 _cCO-MdBIC
082 0 4 _a863C L510t
100 1 _aGauch, Patricia Lee
245 1 0 _aTanya, primera bailarina en El Patito Feo / Patricia Lee Gauch, Il. : Satomi Ichikawa
260 _aBarcelona : Serres
300 _a[ 34 P. ]
500 _aGlosario terminos de ballet
505 0 0 _aProfunda reflexíon sobre la oculta belleza que guarda el alma de cada niño. Superacíon personal
650 1 4 _aLiteratura infantil
942 _cLGB
999 _c47322
_d47322